Salammbô / (Registro nro. 172632)

Detalles MARC
000 -LEADER
campo de control de longitud fija 00710nam a2200205 i 4500
001 - NÚMERO DE CONTROL
campo de control 172632
003 - IDENTIFICADOR DE NÚMERO DE CONTROL
campo de control ES-MaACL
005 - FECHA Y HORA DE LA ÚLTIMA TRANSACCIÓN
campo de control 20240128062949.0
008 - DATOS DE LONGITUD FIJA--INFORMACIÓN GENERAL
campo de control de longitud fija 090804s1964 fr |||| | fre d
080 ## - NÚMERO DE LA CLASIFICACIÓN DECIMAL UNIVERSAL
Número de la Clasificación Decimal Universal 821.133.1-31"18"
100 1# - ENTRADA PRINCIPAL--NOMBRE DE PERSONA
Nombre de persona Flaubert, Gustave,
Fechas asociadas al nombre 1821-1880
9 (RLIN) 51134
245 10 - MENCIÓN DEL TÍTULO
Título Salammbô /
Mención de responsabilidad, etc. Gustave Flaubert ; chronologie et préface par Jacques Suffel.
260 ## - PUBLICACIÓN, DISTRIBUCIÓN, ETC.
Lugar de publicación, distribución, etc. Paris :
Nombre del editor, distribuidor, etc. Garnier-Flammarion,
Fecha de publicación, distribución, etc. 1964.
300 ## - DESCRIPCIÓN FÍSICA
Extensión 311 p. ;
Dimensiones 18 cm.
490 1# - MENCIÓN DE SERIE
Mención de serie GF. Texte intégral ;
Designación de volumen o secuencia 22
700 1# - ENTRADA AGREGADA--NOMBRE PERSONAL
Nombre de persona Suffel, Jacques.
9 (RLIN) 141134
830 0# - PUNTO DE ACCESO ADICIONAL DE SERIE-TÍTULO UNIFORME
Título uniforme GF. Texte intégral ;
Designación de volumen o secuencia 22
9 (RLIN) 189099
852 4# - LOCALIZACIÓN
Ubicación ES-MaACL
Número de control de estantería E-12918
itemnumber R.139268
Nota libre . - Biblioteca Jacinto Martínez Lacalle
Existencias
Estatus retirado Estado de pérdida Estado de daño No para préstamo Biblioteca de origen Biblioteca actual Ubicación en estantería Fecha de adquisición Fuente de adquisición Total de préstamos Signatura topográfica completa Código de barras Visto por última vez Precio de reemplazo Tipo de ítem Koha
        Biblioteca del Ateneo de Madrid Biblioteca del Ateneo de Madrid Depósito 2 04/08/2009     E-12918 1181162 23/02/2023 23/02/2023 Libro impreso